=LDR 00000nam 2200000 4500 =001 INLIS000000000044458 =005 20131008105909 =008 ***********************************Eng** =035 ##$$0010-101300000002380 =041 ##$$a Eng =082 ##$$a 920 =090 ##$$a 920 , Adl p =100 ##$$a Adler, Mortimer J =245 ##$$a Philosopher at Large , An Intellectual Autobiography , Mortimer J. Adler =260 ##$$a 1977 $b USA =300 ##$$a 349 hlm. , 22cm =850 ##$$a NBPNMAT